Juran's Quality Handbook: the complete guide to performance excellence (Record no. 58106)

MARC details
000 -LEADER
fixed length control field 00610nam a22002177a 4500
003 - CONTROL NUMBER IDENTIFIER
control field PK-NaQUE
005 - DATE AND TIME OF LATEST TRANSACTION
control field 20251126120247.0
008 - FIXED-LENGTH DATA ELEMENTS--GENERAL INFORMATION
fixed length control field 251126b ||||| |||| 00| 0 eng d
020 ## - INTERNATIONAL STANDARD BOOK NUMBER
International Standard Book Number 1259643611
020 ## - INTERNATIONAL STANDARD BOOK NUMBER
International Standard Book Number 9781259643613
040 ## - CATALOGING SOURCE
Transcribing agency QUEST
082 ## - DEWEY DECIMAL CLASSIFICATION NUMBER
Classification number 658.562DEF
100 ## - MAIN ENTRY--PERSONAL NAME
Personal name Defeo, Joseph A
245 ## - TITLE STATEMENT
Title Juran's Quality Handbook: the complete guide to performance excellence
250 ## - EDITION STATEMENT
Edition statement 7th ed.
260 ## - PUBLICATION, DISTRIBUTION, ETC. (IMPRINT)
Place of publication, distribution, etc New York:
Name of publisher, distributor, etc McGraw hill,
Date of publication, distribution, etc 2017.
300 ## - PHYSICAL DESCRIPTION
Extent 968p. ;
650 ## - SUBJECT ADDED ENTRY--TOPICAL TERM
Topical term or geographic name as entry element Quality Control
856 ## - ELECTRONIC LOCATION AND ACCESS
Uniform Resource Identifier <a href="http://10.10.170.122:8080/browse/book/21066">http://10.10.170.122:8080/browse/book/21066</a>
Link text Download eBook
942 ## - ADDED ENTRY ELEMENTS (KOHA)
Koha item type Books
Source of classification or shelving scheme Dewey Decimal Classification
Holdings
Withdrawn status Lost status Damaged status Not for loan Collection code Home library Current library Date acquired Cost, normal purchase price Total Checkouts Full call number Barcode Date last seen Koha item type Price effective from Date checked out
          Central Library, QUEST, Nawabshah Central Library, QUEST, Nawabshah 06/11/2017 21595.00   658.562DEF 57147 06/11/2017 Books 06/11/2017  
          Central Library, QUEST, Nawabshah Central Library, QUEST, Nawabshah 06/11/2017 21595.00   658.562DEF 57148 06/11/2017 Books 06/11/2017  
          Central Library, QUEST, Nawabshah Central Library, QUEST, Nawabshah 06/11/2017 21595.00 1 658.562DEF 57149 23/01/2025 Books 06/11/2017 23/01/2025
        Reference Reference Section Reference Section 06/11/2017 21595.00   658.562DEF (Shelf - 85E) 57146 06/11/2017 Books    
          Reference Section Reference Section 06/11/2017 21595.00   658.562DEF (Shelf-85E) 57150 06/11/2017 Books